Feedback systems : input-output properties /

Guardado en:
Autor Principal: Desoer, Charles A.
Otros Autores: Vidyasagar, M. 1947-
Formato: Libro
Idioma:English
Publicado: New York : Academic Press, 1975.
Series:Electrical science
Materias:
Etiquetas: Agregar Etiqueta
Sin Etiquetas, Sea el primero en etiquetar este registro!
LEADER 00728cam a2200229 a 4500
001 MAT.inmabb002717
008 740828s1975####nyu######b####001#0#eng##
005 20110907144801.0
245 1 0 |a Feedback systems :  |b input-output properties /  |c C. A. Desoer and M. Vidyasagar. 
260 |a New York :  |b Academic Press,  |c 1975. 
300 |a xvi, 264 p. ;  |c 24 cm. 
490 0 |a Electrical science 
504 |a Bibliografía: p. 255-260. 
510 4 |a MR,  |c 58 #9636 
020 |a 0122120507 
100 1 |a Desoer, Charles A. 
700 1 |a Vidyasagar, M.  |q (Mathukumalli),  |d 1947- 
650 0 |a Feedback control systems. 
084 |a 93D15  |2 msc2000 
010 |a  74005694  
040 |a DLC  |c DLC  |d DLC 
859 |h 93  |i D467  |p A-5171  |b BIB. MATEMATICA